000 00907nam a2200241Ii 4500
003 JO-AjNU
008 230605s9999||||xx |||||||||||||| ||und||
017 _a23/1755
020 _a9960-878-99-6
040 _aJO-AjNU
_bara
_erda
_cJO-AjNU
041 _aara
050 1 4 _aPJ7850.S28.Q72 2003
100 3 _aتأليف القحطاني،محمد بن صالح بن محمد,
_eauthor
_924039
245 0 0 _aقصص من الواقع: مجموعة من القصص الواقعية المؤثرة، الجزء الأول
250 _aط1
264 3 1 _aالرياض:دار طويق للنشر والتوزيع،2003
300 _aج1، 300ص
336 _atext
_btxt
_2rdacontent
337 _aunmediated
_bn
_2rdamedia
338 _avolume
_bnc
_2rdacarrier
490 0 _aسلسلة (فإعتبروا يا أولي الأبصار)
650 4 _aالأدب العربي - قصص - السعودية
_924040
999 _aA8790
_c12358
_d12358